000 00627nam a2200265Ia 4500
005 20260306164309.0
008 008 260114s9999 xx 000 0 eng d
020 _a9780691184050
037 _aEBOOK
040 _aCRL
040 _beng
040 _cCRL
041 _2eng
041 _aeng
084 _qCRL
100 _aColander, Freedman
_91130381
245 0 _aWhere Economics Went Wrong
260 _bPrinceton University Press
260 _c2019
650 _aEconomics & Finance
856 _uhttps://academic.oup.com/book/14346
942 _cEBOOK
999 _c1713551
_d1713551